Pays sans les lettres de "TONGA" - Statistiques

Statistiques générales
  • Ce quiz a été pris 11 fois
    4 depuis la dernière actualisation
  • Le résultat moyen est 9 sur 13
Statistiques - réponses
Continents Pays % Correct
Amérique du Sud Brésil
100%
Amérique du Sud Chili
100%
Océanie Fidji
100%
Asie Syrie
100%
Afrique Libye
67%
Amérique du Nord Mexique
67%
Europe Russie
67%
Europe Serbie
67%
Europe Suède
67%
Europe Suisse
67%
Amérique du Nord Belize
33%
Afrique Seychelles
33%
Asie Chypre
0%
Aucun quiz correspondant
Distribution des résultats
% des personnes avec chaque résultat
Percentile par nombre de réponses
Votre historique - résultats
Vous n’avez pas pris ce quiz depuis la dernière actualisation